|
|
|
|
| LEADER |
00000nam0a2200000 4500 |
| 001 |
14105 |
| 005 |
20231101204928.0 |
| 010 |
|
|
|a 5797502135
|
| 035 |
|
|
|a (RuTPU)RU\TPU\book\14193
|
| 035 |
|
|
|a BOOK00014262
|
| 090 |
|
|
|a 14105
|
| 100 |
|
|
|a 20011209d1999 m y0rusy50 ca
|
| 101 |
0 |
|
|a rus
|
| 102 |
|
|
|a RU
|
| 105 |
|
|
|a y z 000zy
|
| 200 |
1 |
|
|a Офшорные зоны в практике российских налогоплательщиков
|f Д. Л. Ушаков
|
| 210 |
|
|
|a Москва
|c Юристъ
|d 1999
|
| 215 |
|
|
|a 496 с.
|
| 225 |
1 |
|
|a Practica
|
| 606 |
1 |
|
|a Налоговые платежи
|2 stltpush
|3 (RuTPU)RU\TPU\subj\36471
|9 57837
|
| 610 |
1 |
|
|a экономика
|
| 610 |
1 |
|
|a Россия
|
| 610 |
1 |
|
|a налоги
|
| 610 |
1 |
|
|a налогообложение
|
| 610 |
1 |
|
|a экономические зоны
|
| 610 |
1 |
|
|a офшорные зоны
|
| 686 |
|
|
|a У9(2)261.4
|v LBC/SL-A
|2 rubbk
|
| 686 |
|
|
|a У9(2)81
|v LBC/SL-A
|2 rubbk
|
| 700 |
|
1 |
|a Ушаков
|b Д. Л.
|g Дмитрий Львович
|
| 801 |
|
0 |
|a RU
|b 63413507
|c 20011209
|g PSBO
|
| 801 |
|
2 |
|a RU
|b 63413507
|c 20151216
|g PSBO
|
| 942 |
|
|
|c BK
|